000 01059nam a22003377a 4500
003 CHAP
005 20220329143529.0
008 100413s1985 mx a r 00010 spa d
010 _a98098
011 _a99070
020 _a8434583658
035 _a109755
040 _cCHAP
082 1 4 _a539.7
_bT71
100 1 _aTrefil, James S.
_9114736
245 1 0 _aDe los átomos a los quarks
_c/por James S Trefil
260 _aBarcelona :
_bSALVAT,
_c1985
300 _a218 p. :
_bilus.
490 0 _aBiblioteca científica Salvat
_v; 8
534 _pTít. original :
_tFrom atoms to quarks
590 _aBATCH-UPD
_b10
_c20130110
_lUCH01
_h0932
590 _aBATCH-UPD
_b10
_c20130410
_lUCH01
_h0551
590 _aBATCH-UPD
_b10
_c20130914
_lUCH01
_h0617
590 _aCONVERSION
_b10
_c20130109
_lUCH01
_h1354
650 0 4 _aFísica nuclear.
_941999
650 1 4 _aPartículas.
_985821
830 0 _aBiblioteca científica Salvat
_v; 8
_912259
901 _aBK
942 _cLIBRO
949 _a539.14 T71
_bBC
_cLIBRO
_d33724002166389
_eLIBRO
_gI.c/e
_h112268d
_i109755
_sb
999 _c98098
_d98098